Prt̀ica processual previdencir̀ia

Detalles Bibliográficos
Autor principal: Menezes Farineli, Alexsandro
Formato: eBook
Lenguaje:portugués
Publicado: San Pablo: Editora Mundo Jurd̕ico, 2016
Materias:
Acceso en línea:Acceso restringido

MARC

LEADER 00000nam a22000007a 4500
005 20190910215115.0
007 cr|||| ||||
008 190910s2016 br |||||s|||| 00||0 por d
020 |a 978-85-8085-080-2 
035 |a 30222 
040 |a vLex 
090 |c 9452  |d 9452 
100 1 |a Menezes Farineli, Alexsandro 
245 1 0 |a Prt̀ica processual previdencir̀ia  |h [Recurso electrn̤ico] /  |c Alexsandro Menezes Farineli 
256 |a Servicio en ln̕ea 
260 |a San Pablo:  |b Editora Mundo Jurd̕ico,  |c 2016 
300 |a 1 recurso electrn̤ico 
500 |a Esta nova ediȯ̂ nasceu graȧs a calorosa acolhida que todas as demais receberam e principalmente pela ediȯ̂ do novo Cd̤igo de Processo Civil. 
506 1 |a Disponible solo en los productos indicados  |d vLex Global  |d vLex Global (Academic Edition, excluding Law Schools)  |d vLex Global (U.S. Academic Edition, Law Schools)  |d vLex Global (U.S. Academic Edition, excluding Law Schools)  |d vLex Global (Academic Edition, Law Schools) 
650 0 4 |a Seguridad Social  |z Brasil 
740 0 |a vLex Libros (Servicio en ln̕ea) 
856 4 0 |u http://vlex.com/source/pratica-processual-previdenciaria-30222  |z Acceso restringido 
942 |c BOOK 
999 0 |a Social Security